Loading...
| Philosophy | 1 | 5 | 2 | 0 | 55 | 80 | 107.67 | 5 | 6 | 0.00 | 0.00 |
| Literature - British | 2 | 2 | 1 | 1 | 45 | 57 | 92.25 | 3 | 4 | 0.00 | 0.00 |
| Literature - World | 1 | 3 | 1 | 0 | 40 | 85 | 102.50 | 4 | 4 | 0.00 | 0.00 |
| Literature - American | 1 | 3 | 2 | 0 | 35 | 71 | 105.00 | 2 | 4 | 0.00 | 0.00 |
| Literature - European | 0 | 3 | 1 | 0 | 25 | 109 | 128.33 | 2 | 3 | 0.00 | 0.00 |
| Religion | 0 | 2 | 0 | 0 | 20 | 101 | 104.50 | 2 | 2 | 0.00 | 0.00 |
| Religion- | 0 | 1 | 0 | 1 | 10 | 136 | 136.00 | 1 | 1 | 0.00 | 0.00 |
| Science - Physics | 0 | 1 | 0 | 1 | 10 | 127 | 127.00 | 0 | 1 | 0.00 | 0.00 |
| Mythology- Edited | 0 | 1 | 0 | 1 | 10 | 138 | 138.00 | 0 | 1 | 0.00 | 0.00 |
| Fine Arts - Visual | 0 | 1 | 0 | 0 | 10 | 86 | 86.00 | 1 | 1 | 0.00 | 0.00 |
| Mythology | 0 | 1 | 1 | 0 | 5 | 101 | 101.00 | 1 | 1 | 0.00 | 0.00 |
| Social Science | 0 | 1 | 2 | 0 | 0 | 84 | 84.00 | 0 | 1 | 0.00 | 0.00 |
| Science - Other | 0 | 0 | 0 | 0 | 0 | 0.00 | 0 | 0 | 0.00 | 0.00 | |
| Fine Arts - Auditory | 0 | 0 | 0 | 0 | 0 | 0.00 | 0 | 0 | 0.00 | 0.00 |